Tetoválások, fogyasztói oldalról

Bibliográfiai részletek
Szerző: Barati Dániel János
További közreműködők: Dobó Dr. Róbert
Dokumentumtípus: Projektmunka
Kulcsszavak:attitűdvizsgálat
fogyasztói döntés
fogyasztói igények
kulturális identitás
testdíszítés
Online Access:http://dolgozattar.uni-bge.hu/59841

MARC

LEADER 00000nnm a2200000 i 4500
001 dolg59841
005 20260409145634.0
008 260409suuuu hu o 000 hun d
040 |a BGE Dolgozattár Repozitórium  |b hun 
041 |a hu 
100 1 |a Barati Dániel János 
245 1 0 |a Tetoválások, fogyasztói oldalról  |c Barati Dániel János  |h [elektronikus dokumentum] 
516 |a Project_work 
520 3 |a A dolgozat célja a tetoválások fogyasztói oldalának vizsgálata, különös tekintettel a döntési motivációkra, a társadalmi megítélés hatására, valamint a tetoválással kapcsolatos fogyasztói magatartás jellemzőire. A téma aktualitását az adja, hogy a tetoválás napjainkra nem csupán esztétikai elem, hanem személyes önkifejezési forma és társadalmi jelenség is lett. A kutatás alapját egy kérdőíves felmérés képezte, amelyet 231 fő töltött ki. A vizsgálat során a válaszadók tetoválással kapcsolatos attitűdjeit, döntési szempontjait és motivációit elemeztem. Emellett széleskörű irodalomkutatás és szekunder adatelemzés is készült, amelyben a tetováláskultúra történeti és kulturális hátterét, gazdasági vonatkozásait és jelenlegi trendjeit tekintettem át. Az eredmények azt mutatják, hogy a tetoválás készíttetését leginkább a személyes jelentés és az esztétikai szempontok motiválják, míg a társadalmi megítélés és külső elvárások kisebb mértékben játszanak szerepet. A közösségi média hatása kimutatható a trendek és inspirációs források szempontjából. A korrelációs elemzések alapján több értelmezhető kapcsolat is azonosítható egyes attitűdök és motivációk között, ugyanakkor a demográfiai tényezők (pl. életkor, nem) és a döntési szempontok között nem mutatkozott szoros összefüggés. A dolgozat összegzéseként megállapítható, hogy a tetoválás napjainkban összetett fogyasztói jelenség, amely egyaránt hordoz személyes, társadalmi és esztétikai jelentéstartalmakat. 
695 |a attitűdvizsgálat 
695 |a fogyasztói döntés 
695 |a fogyasztói igények 
695 |a kulturális identitás 
695 |a testdíszítés 
700 1 |a Dobó Dr. Róbert  |e ths 
856 4 0 |u http://dolgozattar.uni-bge.hu/59841/1/Tetov%C3%A1l%C3%A1sok%2C%20fogyaszt%C3%B3i%20oldalr%C3%B3l.pdf  |z Dokumentum-elérés 
856 4 0 |u http://dolgozattar.uni-bge.hu/59841/2/KM%20FOSZK%20b%C3%ADr%C3%A1lati%20lap%20Barati%20D%C3%A1niel%20J%C3%A1nos%20DR.pdf  |z Dokumentum-elérés